[Event "18th HZ Open 2014"]
[Site "Vlissingen NED"]
[Date "2014.08.02"]
[Round "1.1"]
[White "Freer, Glenn"]
[Black "Bu Xiangzhi"]
[Result "0-1"]
[WhiteElo "1926"]
[BlackElo "2707"]
[PlyCount "52"]
[EventDate "2014.08.02"]
[EventType "swiss"]
[EventRounds "9"]
[EventCountry "NED"]
[Source "Mark Crowther"]
[SourceDate "2014.08.04"]

1. e4 c5 2. Nc3 g6 3. f4 Bg7 4. Nf3 Nc6 5. Bc4 d6 6. O-O Nf6 7. d3 O-O 8. Qe1
e6 9. Bb3 d5 10. Bd2 Nd4 11. Nxd4 cxd4 12. Nd1 a5 13. a4 b6 14. e5 Nd7 15. Qg3
f6 16. Re1 fxe5 17. fxe5 Rf5 18. c4 Bxe5 19. Rxe5 Nxe5 20. Nf2 dxc4 21. dxc4
Bb7 22. Re1 Qf6 23. Ng4 Nxg4 24. Qxg4 Rf8 25. h3 Rf2 26. Bg5 Qf5 0-1

[Event "18th HZ Open 2014"]
[Site "Vlissingen NED"]
[Date "2014.08.02"]
[Round "1.2"]
[White "Fedorchuk, S."]
[Black "Verkimpe, M."]
[Result "1-0"]
[WhiteElo "2665"]
[BlackElo "1925"]
[PlyCount "33"]
[EventDate "2014.08.02"]
[EventType "swiss"]
[EventRounds "9"]
[EventCountry "NED"]
[Source "Mark Crowther"]
[SourceDate "2014.08.04"]

1. e4 c5 2. Nf3 Nc6 3. Bb5 Qb6 4. Nc3 e6 5. O-O Nd4 6. Ba4 Qa5 7. d3 b5 8. Nxd4
cxd4 9. Nxb5 a6 10. Bd2 Qb6 11. Na3 Bxa3 12. bxa3 a5 13. Rb1 Qd6 14. Qg4 g6 15.
e5 Qxe5 16. Rfe1 Qf5 17. Qxd4 1-0

[Event "18th HZ Open 2014"]
[Site "Vlissingen NED"]
[Date "2014.08.02"]
[Round "1.3"]
[White "Verbruggen, S."]
[Black "Krasenkow, M."]
[Result "0-1"]
[WhiteElo "1921"]
[BlackElo "2628"]
[PlyCount "42"]
[EventDate "2014.08.02"]
[EventType "swiss"]
[EventRounds "9"]
[EventCountry "NED"]
[Source "Mark Crowther"]
[SourceDate "2014.08.04"]

1. e4 g6 2. d4 Bg7 3. Nc3 c6 4. Bc4 b5 5. Bb3 a5 6. Qf3 e6 7. a4 b4 8. Nce2 d5
9. exd5 cxd5 10. c3 Nc6 11. h4 Nf6 12. Ng3 e5 13. dxe5 Nxe5 14. Qd1 Ba6 15. Bc2
bxc3 16. bxc3 O-O 17. N1e2 Re8 18. O-O Nfg4 19. Bg5 Bf6 20. Qd2 h6 21. Bxh6
Bxe2 0-1

[Event "18th HZ Open 2014"]
[Site "Vlissingen NED"]
[Date "2014.08.02"]
[Round "1.4"]
[White "Ernst, S."]
[Black "Hogerhorst, Tony"]
[Result "1-0"]
[WhiteElo "2566"]
[BlackElo "1915"]
[PlyCount "49"]
[EventDate "2014.08.02"]
[EventType "swiss"]
[EventRounds "9"]
[EventCountry "NED"]
[Source "Mark Crowther"]
[SourceDate "2014.08.04"]

1. d4 d5 2. c4 e6 3. Nc3 Nf6 4. cxd5 exd5 5. Bg5 Be7 6. e3 c6 7. Bd3 Bg4 8. Qc2
Nbd7 9. h3 Bh5 10. f4 Ne4 11. Bxe7 Qxe7 12. Bxe4 dxe4 13. g4 f5 14. gxh5 Qh4+
15. Qf2 Qxh5 16. Nge2 O-O-O 17. O-O-O Qf7 18. Kb1 Nb6 19. Nc1 Kb8 20. Nb3 Qc4
21. Rc1 Qb4 22. Qe2 a5 23. Nc5 Ka7 24. a3 Qc4 25. Qe1 1-0

[Event "18th HZ Open 2014"]
[Site "Vlissingen NED"]
[Date "2014.08.02"]
[Round "1.5"]
[White "Roessler, W."]
[Black "Van den Doel, E."]
[Result "0-1"]
[WhiteElo "1915"]
[BlackElo "2554"]
[PlyCount "44"]
[EventDate "2014.08.02"]
[EventType "swiss"]
[EventRounds "9"]
[EventCountry "NED"]
[Source "Mark Crowther"]
[SourceDate "2014.08.04"]

1. e4 c6 2. d4 d5 3. exd5 cxd5 4. c4 Nf6 5. Nc3 Nc6 6. Bg5 Be6 7. Bxf6 gxf6 8.
Nf3 Bh6 9. cxd5 Bxd5 10. Bb5 O-O 11. Nxd5 Qxd5 12. Bxc6 Qxc6 13. O-O Rfd8 14.
Qb3 e6 15. Rfd1 Rac8 16. h3 Rd5 17. a4 b6 18. Rd3 Qc2 19. a5 Rxa5 20. Rxa5 bxa5
21. Qb5 Qe2 22. Rb3 Rc1+ 0-1

[Event "18th HZ Open 2014"]
[Site "Vlissingen NED"]
[Date "2014.08.02"]
[Round "1.6"]
[White "Ikonnikov, Vy"]
[Black "Lambregts, Frank"]
[Result "1-0"]
[WhiteElo "2551"]
[BlackElo "1911"]
[PlyCount "67"]
[EventDate "2014.08.02"]
[EventType "swiss"]
[EventRounds "9"]
[EventCountry "NED"]
[Source "Mark Crowther"]
[SourceDate "2014.08.04"]

1. d4 d5 2. Nf3 Bf5 3. c4 c6 4. Qb3 Qc7 5. cxd5 cxd5 6. Nc3 e6 7. Bf4 Qb6 8.
Nb5 Na6 9. Qa4 Bb4+ 10. Bd2 Bxd2+ 11. Nxd2 Kf8 12. Rc1 Ne7 13. f3 f6 14. e4 Bg6
15. Be2 Be8 16. Nb3 Kf7 17. Qa5 Bxb5 18. Bxb5 Qd6 19. Bxa6 bxa6 20. O-O Rhc8
21. Rc5 Qf4 22. Re1 Rxc5 23. dxc5 Rc8 24. exd5 Nxd5 25. Qxa6 Re8 26. Qxa7+ Re7
27. Qa5 g5 28. Qd2 Qa4 29. Nd4 Qxa2 30. Qc2 f5 31. Nc6 Rc7 32. Nd8+ Ke7 33.
Nxe6 Qa5 34. Qe2 1-0

[Event "18th HZ Open 2014"]
[Site "Vlissingen NED"]
[Date "2014.08.02"]
[Round "1.7"]
[White "Niewenhuis, R."]
[Black "Hausrath, D."]
[Result "0-1"]
[WhiteElo "1909"]
[BlackElo "2530"]
[PlyCount "88"]
[EventDate "2014.08.02"]
[EventType "swiss"]
[EventRounds "9"]
[EventCountry "NED"]
[Source "Mark Crowther"]
[SourceDate "2014.08.04"]

1. e4 d6 2. d4 g6 3. Nc3 Bg7 4. Nf3 a6 5. a4 Nc6 6. h3 Nf6 7. Be3 O-O 8. Qd2 e5
9. dxe5 dxe5 10. Bd3 Re8 11. Ne2 Nd4 12. Nfxd4 exd4 13. Bxd4 Nxe4 14. Bxe4 Bxd4
15. Qxd4 Qxd4 16. Nxd4 Rxe4+ 17. Ne2 Bf5 18. f3 Rb4 19. O-O-O Rxa4 20. b3 Ra2
21. Nd4 Ra1+ 22. Kb2 Rxd1 23. Rxd1 Rd8 24. Kc1 Be6 25. Ne2 Rxd1+ 26. Kxd1 g5
27. Nc3 h6 28. Ne4 b6 29. Kd2 Kg7 30. Nc3 Kf6 31. Na2 a5 32. Nc3 Ke5 33. Ne2 b5
34. Kc3 c5 35. Kb2 c4 36. Ka3 Bd5 37. b4 a4 38. c3 Bc6 39. Nd4 Bd7 40. g3 h5
41. g4 h4 42. Ne2 f5 43. Nd4 fxg4 44. fxg4 Kf4 0-1

[Event "18th HZ Open 2014"]
[Site "Vlissingen NED"]
[Date "2014.08.02"]
[Round "1.8"]
[White "Pruijssers, R."]
[Black "Albrecht, A."]
[Result "1-0"]
[WhiteElo "2517"]
[BlackElo "1903"]
[PlyCount "81"]
[EventDate "2014.08.02"]
[EventType "swiss"]
[EventRounds "9"]
[EventCountry "NED"]
[Source "Mark Crowther"]
[SourceDate "2014.08.04"]

1. e4 e6 2. d4 d5 3. Nc3 Bb4 4. e5 c5 5. a3 Bxc3+ 6. bxc3 Qc7 7. Nf3 Nc6 8. h4
Bd7 9. Bd2 f6 10. Bf4 Qa5 11. Qd2 Nge7 12. h5 h6 13. dxc5 Qxc5 14. Bd3 O-O-O
15. O-O Na5 16. exf6 gxf6 17. Be3 Qc7 18. Bxh6 e5 19. Nh4 Nc4 20. Qc1 e4 21.
Be2 Rdg8 22. Bf4 Qc6 23. Qd1 Qe6 24. a4 Ne5 25. Qd2 Qh3 26. Bg3 Qe6 27. Qe3
N7c6 28. Rab1 Be8 29. h6 Rg5 30. Bf4 Rgg8 31. Rb2 Rh7 32. Rfb1 Ng6 33. Nxg6
Bxg6 34. Rxb7 Rxb7 35. Ba6 d4 36. cxd4 Be8 37. Rxb7 Kd8 38. h7 Rh8 39. Qg3 Bd7
40. Qg7 Qe8 41. Bc7+ 1-0

[Event "18th HZ Open 2014"]
[Site "Vlissingen NED"]
[Date "2014.08.02"]
[Round "1.9"]
[White "Minnema, Rens"]
[Black "Romanishin, O."]
[Result "0-1"]
[WhiteElo "1902"]
[BlackElo "2509"]
[PlyCount "62"]
[EventDate "2014.08.02"]
[EventType "swiss"]
[EventRounds "9"]
[EventCountry "NED"]
[Source "Mark Crowther"]
[SourceDate "2014.08.04"]

1. e4 c5 2. Nf3 g6 3. d4 Bg7 4. c3 Qa5 5. Be3 cxd4 6. Nxd4 Nc6 7. Be2 Nf6 8.
Nd2 O-O 9. O-O d6 10. f4 Bd7 11. Nc4 Qd8 12. Bf3 Rc8 13. Nd2 e5 14. Nxc6 Bxc6
15. fxe5 dxe5 16. Qe2 b6 17. a4 Qc7 18. Bf2 Bd7 19. a5 Be6 20. axb6 axb6 21.
Ra6 Nd7 22. Qb5 Bh6 23. Qe2 Rfd8 24. Be3 Bxe3+ 25. Qxe3 Nc5 26. Ra3 Rd3 27. Qe1
Rcd8 28. Rf2 R3d7 29. Qe3 Nd3 30. Re2 Nxb2 31. h3 Nd1 0-1

[Event "18th HZ Open 2014"]
[Site "Vlissingen NED"]
[Date "2014.08.02"]
[Round "1.11"]
[White "Rogmans, J."]
[Black "Semcesen, D."]
[Result "0-1"]
[WhiteElo "1899"]
[BlackElo "2489"]
[PlyCount "60"]
[EventDate "2014.08.02"]
[EventType "swiss"]
[EventRounds "9"]
[EventCountry "NED"]
[Source "Mark Crowther"]
[SourceDate "2014.08.04"]

1. c4 e5 2. g3 Nf6 3. Bg2 c6 4. b3 d5 5. Bb2 d4 6. d3 Bd6 7. Nd2 O-O 8. Ngf3
Re8 9. O-O h6 10. a3 a5 11. Ne1 Bg4 12. Ne4 Nxe4 13. dxe4 Nd7 14. Nd3 a4 15. b4
c5 16. h3 Be6 17. Rc1 Qe7 18. f4 f6 19. bxc5 Nxc5 20. Nxc5 Bxc5 21. Rf3 Rec8
22. fxe5 fxe5 23. Kh2 Bb6 24. e3 dxe3 25. Bxe5 Rxc4 26. Rxc4 Bxc4 27. Qd6 Qxd6
28. Bxd6 Rd8 29. Bb4 e2 30. e5 Bc5 0-1

[Event "18th HZ Open 2014"]
[Site "Vlissingen NED"]
[Date "2014.08.02"]
[Round "1.12"]
[White "Ducarmon, Q."]
[Black "Van De Vaerd, Miguel"]
[Result "1-0"]
[WhiteElo "2479"]
[BlackElo "1896"]
[PlyCount "55"]
[EventDate "2014.08.02"]
[EventType "swiss"]
[EventRounds "9"]
[EventCountry "NED"]
[Source "Mark Crowther"]
[SourceDate "2014.08.04"]

1. e4 c5 2. Nf3 d6 3. Bb5+ Nd7 4. O-O a6 5. Bd3 Ngf6 6. c3 g6 7. Bc2 Bg7 8. d4
cxd4 9. cxd4 O-O 10. Nc3 b5 11. a3 Bb7 12. Bg5 Rc8 13. Re1 Nb6 14. Qe2 Re8 15.
Bb3 Qc7 16. h3 e6 17. Rac1 Qb8 18. Nd2 Nfd7 19. Qe3 Nc4 20. Nxc4 bxc4 21. Ba2
e5 22. d5 Ba8 23. Rc2 Qb6 24. Qe2 Qa5 25. Bxc4 Bb7 26. Rec1 h6 27. Be3 f5 28.
b4 1-0

[Event "18th HZ Open 2014"]
[Site "Vlissingen NED"]
[Date "2014.08.02"]
[Round "1.13"]
[White "Roller, P."]
[Black "Vishnu, P."]
[Result "0-1"]
[WhiteElo "1894"]
[BlackElo "2469"]
[PlyCount "67"]
[EventDate "2014.08.02"]
[EventType "swiss"]
[EventRounds "9"]
[EventCountry "NED"]
[Source "Mark Crowther"]
[SourceDate "2014.08.04"]

1. e4 c5 2. Nf3 d6 3. d4 cxd4 4. Nxd4 Nf6 5. Nc3 a6 6. Be2 e5 7. Nb3 Be7 8. O-O
O-O 9. Be3 Be6 10. f4 b5 11. a3 Qc7 12. f5 Bc4 13. Bxc4 Qxc4 14. Qf3 Nbd7 15.
g4 d5 16. Nd2 dxe4 17. Ndxe4 Nxe4 18. Qxe4 Qxe4 19. Nxe4 Rac8 20. Rad1 Nb8 21.
c3 Rc4 22. Nf2 g6 23. Rd5 Nc6 24. Rc1 Rd8 25. Rxd8+ Nxd8 26. b3 Rc8 27. b4 Nb7
28. Ne4 Rc4 29. Nf2 gxf5 30. gxf5 Nd6 31. Nd3 Nxf5 32. Nxe5 Nxe3 33. Nxc4 Nxc4
34. Rd1 0-1

[Event "18th HZ Open 2014"]
[Site "Vlissingen NED"]
[Date "2014.08.02"]
[Round "1.14"]
[White "Van Foreest, Jorden"]
[Black "Le Clercq, Maxim"]
[Result "1/2-1/2"]
[WhiteElo "2467"]
[BlackElo "1893"]
[PlyCount "136"]
[EventDate "2014.08.02"]
[EventType "swiss"]
[EventRounds "9"]
[EventCountry "NED"]
[Source "Mark Crowther"]
[SourceDate "2014.08.04"]

1. e4 c5 2. Nf3 Nc6 3. d4 cxd4 4. Nxd4 Nf6 5. Nc3 e5 6. Ndb5 d6 7. Bg5 a6 8.
Na3 b5 9. Nd5 Qa5+ 10. Bd2 Qd8 11. Nxf6+ Qxf6 12. g3 h5 13. h3 Be7 14. Bg2 Qg6
15. c3 O-O 16. O-O Be6 17. Nc2 Rac8 18. Ne3 Bd8 19. h4 Bb6 20. a4 Na5 21. axb5
axb5 22. Bf3 Nc4 23. Re1 Nxb2 24. Qe2 Nc4 25. Kg2 Nxe3+ 26. Bxe3 Bxe3 27. Qxe3
Bg4 28. Ra6 Rfd8 29. Bxg4 Qxg4 30. Qd3 Qe6 31. Ra7 Rd7 32. Rea1 Rxa7 33. Rxa7
Qc4 34. Qf3 g6 35. Kh2 Kg7 36. Rd7 Qe6 37. Rb7 Qc4 38. g4 hxg4 39. Qxg4 Rc7 40.
Rb8 Qe6 41. Qf3 Qe7 42. Qg3 Rb7 43. Ra8 Ra7 44. Rxa7 Qxa7 45. h5 Qe7 46. hxg6
fxg6 47. Qd3 Qd7 48. Kg3 Qc6 49. Kg4 Qc4 50. Qf3 d5 51. Kg5 Qxe4 52. Qf6+ Kg8
53. Qd8+ Kf7 54. Qd7+ Kf8 55. Qc8+ Kf7 56. Qb7+ Kf8 57. Qa8+ Kf7 58. Qa7+ Kf8
59. Qc5+ Kf7 60. Qc7+ Kf8 61. Qd8+ Kf7 62. Qf6+ Ke8 63. Qe6+ Kd8 64. Qb6+ Ke7
65. Qb7+ Kd6 66. Qb8+ Ke7 67. Qc7+ Ke6 68. Qc8+ Ke7 1/2-1/2

[Event "18th HZ Open 2014"]
[Site "Vlissingen NED"]
[Date "2014.08.02"]
[Round "1.15"]
[White "Hemmes, M."]
[Black "Ponizil, C."]
[Result "0-1"]
[WhiteElo "1892"]
[BlackElo "2428"]
[PlyCount "74"]
[EventDate "2014.08.02"]
[EventType "swiss"]
[EventRounds "9"]
[EventCountry "NED"]
[Source "Mark Crowther"]
[SourceDate "2014.08.04"]

1. e4 c5 2. Nf3 d6 3. d4 cxd4 4. Nxd4 Nf6 5. Nc3 Nc6 6. Bg5 e6 7. Qd2 a6 8.
O-O-O Bd7 9. f4 h6 10. Bh4 g5 11. fxg5 Ng4 12. Be2 Nge5 13. Nf3 hxg5 14. Bxg5
f6 15. Nxe5 Nxe5 16. Be3 b5 17. h3 b4 18. Nb1 a5 19. g4 Bc6 20. Bd3 Qc7 21. g5
fxg5 22. Rdf1 Be7 23. Kd1 d5 24. exd5 Bxd5 25. Bb5+ Bc6 26. Bxc6+ Qxc6 27. Bd4
O-O-O 28. c3 Nc4 29. Qe2 e5 30. Kc1 exd4 31. Qxe7 g4 32. h4 Rhe8 33. Qg5 Ne3
34. Rfg1 Rd5 35. Qg7 bxc3 36. bxc3 dxc3 37. Rxg4 Rd7 0-1

[Event "18th HZ Open 2014"]
[Site "Vlissingen NED"]
[Date "2014.08.02"]
[Round "1.16"]
[White "Geirnaert, S."]
[Black "De Pooter, R."]
[Result "1-0"]
[WhiteElo "2419"]
[BlackElo "1891"]
[PlyCount "49"]
[EventDate "2014.08.02"]
[EventType "swiss"]
[EventRounds "9"]
[EventCountry "NED"]
[Source "Mark Crowther"]
[SourceDate "2014.08.04"]

1. d4 Nf6 2. c4 e6 3. Nc3 d5 4. cxd5 exd5 5. Bg5 Be7 6. e3 c6 7. Bd3 Nbd7 8.
Qc2 O-O 9. Nf3 Re8 10. O-O-O Nf8 11. h3 Ne4 12. Bf4 Nxc3 13. Qxc3 Ne6 14. Be5
Bf6 15. Qc2 g6 16. h4 Ng7 17. h5 Bf5 18. hxg6 hxg6 19. Rh6 Bxd3 20. Rdh1 Nh5
21. Qxd3 Bxe5 22. dxe5 Kg7 23. R1xh5 gxh5 24. Qh7+ Kf8 25. Rf6 1-0

[Event "18th HZ Open 2014"]
[Site "Vlissingen NED"]
[Date "2014.08.02"]
[Round "1.17"]
[White "Ismail, Tamer"]
[Black "Zelbel, P."]
[Result "0-1"]
[WhiteElo "1890"]
[BlackElo "2410"]
[PlyCount "42"]
[EventDate "2014.08.02"]
[EventType "swiss"]
[EventRounds "9"]
[EventCountry "NED"]
[Source "Mark Crowther"]
[SourceDate "2014.08.04"]

1. Nf3 g6 2. g3 Bg7 3. Bg2 c5 4. O-O Nc6 5. c3 e5 6. e4 Nge7 7. d3 d6 8. Nbd2
O-O 9. a4 h6 10. Nc4 f5 11. Rb1 Be6 12. Ne3 f4 13. Nc2 g5 14. Re1 Qe8 15. b4
cxb4 16. cxb4 Qf7 17. b5 Na5 18. d4 Bb3 19. d5 fxg3 20. fxg3 g4 21. Nd2 Qf2+
0-1

[Event "18th HZ Open 2014"]
[Site "Vlissingen NED"]
[Date "2014.08.02"]
[Round "1.18"]
[White "Hopman, P."]
[Black "Verhoef, Ha"]
[Result "1-0"]
[WhiteElo "2387"]
[BlackElo "1890"]
[PlyCount "61"]
[EventDate "2014.08.02"]
[EventType "swiss"]
[EventRounds "9"]
[EventCountry "NED"]
[Source "Mark Crowther"]
[SourceDate "2014.08.04"]

1. d4 Nf6 2. c4 e6 3. Nf3 Bb4+ 4. Nbd2 d5 5. Qa4+ Nc6 6. a3 Be7 7. g3 Bd7 8.
Qc2 O-O 9. Bg2 a5 10. b3 Na7 11. Bb2 Rc8 12. O-O b5 13. Ne5 Be8 14. cxd5 exd5
15. Rfd1 Qd6 16. Qf5 c5 17. dxc5 Rxc5 18. b4 axb4 19. axb4 Rc7 20. Bd4 Nc8 21.
Bc5 Qe6 22. Qxe6 fxe6 23. Bh3 Bxc5 24. bxc5 Rxc5 25. Nb3 Rc3 26. Nd4 Ne4 27.
Bxe6+ Kh8 28. Bxd5 Nxf2 29. Rf1 Ne7 30. Bg2 Rc5 31. Nd3 1-0

[Event "18th HZ Open 2014"]
[Site "Vlissingen NED"]
[Date "2014.08.02"]
[Round "1.19"]
[White "Baete, G."]
[Black "Leenhouts, K."]
[Result "0-1"]
[WhiteElo "1888"]
[BlackElo "2385"]
[PlyCount "72"]
[EventDate "2014.08.02"]
[EventType "swiss"]
[EventRounds "9"]
[EventCountry "NED"]
[Source "Mark Crowther"]
[SourceDate "2014.08.04"]

1. d4 Nf6 2. Nf3 g6 3. g3 Bg7 4. Bg2 d5 5. O-O O-O 6. Nbd2 Ne4 7. Nb3 Nd7 8.
Nfd2 f5 9. f3 Nxd2 10. Bxd2 c5 11. dxc5 e6 12. Kh1 Bxb2 13. c3 Bxa1 14. Qxa1
Qe7 15. Bh6 Rf7 16. Rd1 Nxc5 17. e4 Nxb3 18. axb3 dxe4 19. fxe4 e5 20. c4 f4
21. Qxe5 Bg4 22. Qxe7 Rxe7 23. Rf1 f3 24. Bxf3 Bxf3+ 25. Rxf3 Rxe4 26. Rd3 Rae8
27. Rd7 R4e7 28. Rd3 Re2 29. Rd7 R2e7 30. Rd3 b6 31. Kg2 Re2+ 32. Kh3 R2e5 33.
Kg2 g5 34. h4 g4 35. Rd7 Re2+ 36. Kf1 Re1+ 0-1

[Event "18th HZ Open 2014"]
[Site "Vlissingen NED"]
[Date "2014.08.02"]
[Round "1.20"]
[White "Ten Hertog, H."]
[Black "Van De Braak, Joey"]
[Result "1-0"]
[WhiteElo "2356"]
[BlackElo "1885"]
[PlyCount "43"]
[EventDate "2014.08.02"]
[EventType "swiss"]
[EventRounds "9"]
[EventCountry "NED"]
[Source "Mark Crowther"]
[SourceDate "2014.08.04"]

1. e4 c5 2. Nf3 e6 3. g3 Nf6 4. e5 Nd5 5. Bg2 Nc6 6. Nc3 Nxc3 7. dxc3 Be7 8.
O-O O-O 9. Be3 Qc7 10. Bf4 h6 11. h4 Rd8 12. Qe2 d5 13. Rfe1 b6 14. Nh2 Bb7 15.
Ng4 Kf8 16. Qd3 Ke8 17. Qh7 Bf8 18. Rad1 Kd7 19. Rxd5+ Ke7 20. Rd6 Ke8 21. Nf6+
gxf6 22. Rxe6+ 1-0

[Event "18th HZ Open 2014"]
[Site "Vlissingen NED"]
[Date "2014.08.02"]
[Round "1.21"]
[White "Schrickx, F."]
[Black "Taddei, B."]
[Result "0-1"]
[WhiteElo "1884"]
[BlackElo "2348"]
[PlyCount "88"]
[EventDate "2014.08.02"]
[EventType "swiss"]
[EventRounds "9"]
[EventCountry "NED"]
[Source "Mark Crowther"]
[SourceDate "2014.08.04"]

1. e4 Nc6 2. d4 d5 3. e5 f6 4. f4 Nh6 5. Bb5 Bd7 6. Nc3 e6 7. Nf3 Bb4 8. Qd3
O-O 9. O-O Be8 10. Ne2 a6 11. Bxc6 Bxc6 12. Be3 Bb5 13. Qd1 Qe8 14. c3 Be7 15.
a4 Bd7 16. Ng3 Ng4 17. Bd2 fxe5 18. fxe5 Qg6 19. Qe1 c5 20. Qb1 Qxb1 21. Rfxb1
Rac8 22. h3 Nh6 23. Bxh6 gxh6 24. Rc1 Kf7 25. Nh5 Kg6 26. Nf6 Bxf6 27. exf6
Kxf6 28. Ne5 Ke7 29. a5 Bb5 30. dxc5 Rxc5 31. Re1 Kd6 32. Re3 Rcc8 33. Rae1
Rce8 34. b3 Rf5 35. c4 Bc6 36. Rd3 Rg8 37. Nf3 e5 38. cxd5 Bxd5 39. Red1 e4 40.
Nh4 Rfg5 41. Rxd5+ Rxd5 42. Nf5+ Ke6 43. Rxd5 Rg5 44. g4 Kxd5 0-1

[Event "18th HZ Open 2014"]
[Site "Vlissingen NED"]
[Date "2014.08.02"]
[Round "1.22"]
[White "De Jong, M."]
[Black "Theys, Bart"]
[Result "1-0"]
[WhiteElo "2345"]
[BlackElo "1882"]
[PlyCount "61"]
[EventDate "2014.08.02"]
[EventType "swiss"]
[EventRounds "9"]
[EventCountry "NED"]
[Source "Mark Crowther"]
[SourceDate "2014.08.04"]

1. e4 c6 2. d4 d5 3. Nd2 dxe4 4. Nxe4 Nd7 5. c3 Ngf6 6. Nxf6+ Nxf6 7. Bd3 g6 8.
Nf3 Bg7 9. h3 O-O 10. O-O Qc7 11. Re1 c5 12. Qe2 Re8 13. dxc5 Qxc5 14. Be3 Qc7
15. Bd4 Nd5 16. Bxg7 Nf4 17. Qe3 Nxd3 18. Qh6 Qf4 19. Ng5 Qxg5 20. Qxg5 Nxe1
21. Qh6 Nd3 22. Rd1 Nf4 23. Be5 Ne6 24. Rd4 f6 25. Rh4 Nf8 26. Bd4 b6 27. f4
Bb7 28. g4 Rad8 29. g5 Rd7 30. f5 gxf5 31. Qh5 1-0

[Event "18th HZ Open 2014"]
[Site "Vlissingen NED"]
[Date "2014.08.02"]
[Round "1.23"]
[White "Reichardt, Jasper"]
[Black "Sadikhov, U."]
[Result "0-1"]
[WhiteElo "1880"]
[BlackElo "2335"]
[PlyCount "60"]
[EventDate "2014.08.02"]
[EventType "swiss"]
[EventRounds "9"]
[EventCountry "NED"]
[Source "Mark Crowther"]
[SourceDate "2014.08.04"]

1. c4 g6 2. Nc3 Bg7 3. g3 c5 4. Bg2 Nc6 5. Nf3 d6 6. O-O e5 7. d3 Nge7 8. a3
O-O 9. Rb1 a5 10. Qc2 h6 11. e3 Be6 12. Bd2 Rc8 13. Nb5 f5 14. b4 axb4 15. axb4
g5 16. Bc3 f4 17. exf4 cxb4 18. Bxb4 Nxb4 19. Rxb4 gxf4 20. Nd2 d5 21. Na7 Rb8
22. Qd1 Kh8 23. Nb5 Qd7 24. Nc3 dxc4 25. Nxc4 Nc6 26. Rb1 Nd4 27. f3 b5 28. Nd2
Nf5 29. Qe1 Qd4+ 30. Kh1 Qxc3 0-1

[Event "18th HZ Open 2014"]
[Site "Vlissingen NED"]
[Date "2014.08.02"]
[Round "1.24"]
[White "Piceu, T."]
[Black "Milort, Gerard"]
[Result "1-0"]
[WhiteElo "2330"]
[BlackElo "1879"]
[PlyCount "49"]
[EventDate "2014.08.02"]
[EventType "swiss"]
[EventRounds "9"]
[EventCountry "NED"]
[Source "Mark Crowther"]
[SourceDate "2014.08.04"]

1. d4 Nf6 2. c4 g6 3. f3 Bg7 4. e4 d6 5. Nc3 c6 6. Be3 Nbd7 7. Qd2 e5 8. d5 c5
9. Bd3 a6 10. Nge2 Rb8 11. O-O Qc7 12. a3 b5 13. Rfc1 bxc4 14. Bxc4 Nb6 15. Ba2
Nfd7 16. b4 O-O 17. a4 Kh8 18. a5 cxb4 19. Nb5 Qd8 20. Nxd6 Na4 21. Nxc8 Nc3
22. Nb6 Nxb6 23. axb6 Rxb6 24. Nxc3 bxc3 25. Qxc3 1-0

[Event "18th HZ Open 2014"]
[Site "Vlissingen NED"]
[Date "2014.08.02"]
[Round "1.25"]
[White "Sinke, W."]
[Black "Erwich, Frank"]
[Result "0-1"]
[WhiteElo "1877"]
[BlackElo "2328"]
[PlyCount "84"]
[EventDate "2014.08.02"]
[EventType "swiss"]
[EventRounds "9"]
[EventCountry "NED"]
[Source "Mark Crowther"]
[SourceDate "2014.08.04"]

1. e4 e5 2. Nf3 Nc6 3. Bc4 Nf6 4. d4 exd4 5. O-O Nxe4 6. Re1 d5 7. Bxd5 Qxd5 8.
Nc3 Qh5 9. Nxe4 Be6 10. Nxd4 Qxd1 11. Rxd1 O-O-O 12. Be3 Nxd4 13. Rxd4 Be7 14.
Rad1 Bf5 15. f3 Rhe8 16. Kf2 Bg6 17. c3 h5 18. a4 a5 19. c4 h4 20. h3 f6 21.
Rxd8+ Bxd8 22. Nc3 c6 23. Rd2 Bc7 24. f4 Bh5 25. c5 g5 26. Rd4 f5 27. Bd2 g4
28. hxg4 Bxg4 29. Rd3 Bd8 30. Be3 h3 31. gxh3 Bxh3 32. Kg3 Bf1 33. Rd1 Rxe3+
34. Kf2 Rxc3 35. bxc3 Bc4 36. Rh1 Be7 37. Rh5 Bxc5+ 38. Ke1 Bd3 39. Kd2 Be4 40.
Rh7 Bd6 41. Ke3 b5 42. axb5 cxb5 0-1

[Event "18th HZ Open 2014"]
[Site "Vlissingen NED"]
[Date "2014.08.02"]
[Round "1.26"]
[White "Dijkhuis, Tycho"]
[Black "Maas, J."]
[Result "1-0"]
[WhiteElo "2327"]
[BlackElo "1872"]
[PlyCount "37"]
[EventDate "2014.08.02"]
[EventType "swiss"]
[EventRounds "9"]
[EventCountry "NED"]
[Source "Mark Crowther"]
[SourceDate "2014.08.04"]

1. e4 c6 2. d4 d5 3. e5 Bf5 4. Nf3 e6 5. Be2 Nd7 6. O-O Ne7 7. Nbd2 c5 8. c4
dxc4 9. Nxc4 Nc6 10. Bg5 Qc7 11. d5 exd5 12. Ne3 Be6 13. Nxd5 Bxd5 14. Qxd5
Ndxe5 15. Rfe1 Be7 16. Nxe5 Qxe5 17. Qxe5 Nxe5 18. Bb5+ Kf8 19. Bxe7+ 1-0

[Event "18th HZ Open 2014"]
[Site "Vlissingen NED"]
[Date "2014.08.02"]
[Round "1.27"]
[White "Van Gemert, J."]
[Black "Sowray, P."]
[Result "0-1"]
[WhiteElo "1868"]
[BlackElo "2325"]
[PlyCount "50"]
[EventDate "2014.08.02"]
[EventType "swiss"]
[EventRounds "9"]
[EventCountry "NED"]
[Source "Mark Crowther"]
[SourceDate "2014.08.04"]

1. d4 d6 2. Nf3 g6 3. Bf4 Nf6 4. Nbd2 Bg7 5. e3 Nh5 6. c3 Nxf4 7. exf4 O-O 8.
Qc2 Nd7 9. Be2 c5 10. dxc5 Nxc5 11. h4 Bf5 12. Qd1 e5 13. fxe5 dxe5 14. Nb3 Qb6
15. Nxc5 Qxc5 16. Qb3 Rad8 17. h5 e4 18. Ng5 h6 19. g4 Bxg4 20. Nxe4 Qe5 21. f3
Bf5 22. hxg6 Bxe4 23. gxf7+ Rxf7 24. Rf1 Bd3 25. Rf2 Bxe2 0-1

[Event "18th HZ Open 2014"]
[Site "Vlissingen NED"]
[Date "2014.08.02"]
[Round "1.28"]
[White "Saravanan, V1."]
[Black "Vermue, Albert"]
[Result "1-0"]
[WhiteElo "2320"]
[BlackElo "1866"]
[PlyCount "47"]
[EventDate "2014.08.02"]
[EventType "swiss"]
[EventRounds "9"]
[EventCountry "NED"]
[Source "Mark Crowther"]
[SourceDate "2014.08.04"]

1. Nf3 Nf6 2. c4 g6 3. Nc3 Bg7 4. e4 d6 5. d4 O-O 6. Be2 Nbd7 7. O-O c5 8. d5
Ng4 9. h3 Nge5 10. Nd2 g5 11. Re1 Nb6 12. Nf1 Nexc4 13. Bxc4 Nxc4 14. Qe2 Ne5
15. Bxg5 Ng6 16. Ng3 Qa5 17. Nf5 Qd8 18. Qh5 Bxf5 19. exf5 Ne5 20. Re4 Qd7 21.
Bd2 Rfe8 22. Rh4 e6 23. Qxh7+ Kf8 24. Bh6 1-0